02525nam a2200289 i 4500003000900000005001700009007000300026008004100029020001800070040003000088041000800118082002700126100005100153245017300204250002300377264004700400300006100447336002700508337003400535338003100569505137800600610005701978650003802035650006002073700005602133700004602189DO-SdBNP20260521203509.0ta210824e2018 dr ao||gr|||| 001 edspa d a9789945169218 aDO-SdBNPbspacBNPHUerda aspa 4a610.711.7293bY47a2221 aYermenos Forastieri, Pedro Pablo eautor4aut.13aApuntes de la promoción 1961-67-68 /cPablo Yermenos Forastieris ; cuidado de edición, Pablo Yermenos Forestieri ; diagramación, Juan Francisco Domínguez Novas. aPrimera edición  4aSanto Domingo : bEditora Búho,c©2018 a141 páginas : bilustraciones, fotografías ; c23 cm atextobtxt2rdacontent asin mediaciónbn2rdamedia  avolumen bnc2rdacarrier  aDedicatoria, 7.-- Reflexiones (a manera de prólogo), 13.-- Introducción, 19.-- Listado de compañeros, 21.-- Listado de encuentros, 28.-- 13 Aniversario. Invitación (1), 29.-- Comité organizador, 29.-- Aviso 1 (comunicación), 30.-- Aviso 2 (cuota definitiva), 31.-- Aviso 3 (El Sol, 13-10-1980), 32.-- Cartelera AMD, 32.-- Invitación a misa, 33.-- Recordatorio, 33.-- 15 Aniversario. Fotografía colectiva, 35.-- 20 Aniversario. Fotografía colectiva, 38.-- 25 Aniversario. Comité organizador, 41.-- Comunicación (20-7-1992), 41.-- Notas de organización, 43.-- Aviso (11-11-1992), 44.-- Páginas fotográficas, 45.-- 30 Aniversario. Programa, 53.-- Fotografía colectiva, 54.-- 35 Aniversario. Anfitriones, 57.-- Fotografía colectiva, 58.-- 40 Aniversario. Nota de prensa, 61.-- Comité organizador, 61.-- Información y reuniones, 62.-- Correspondencias, 62.-- Programas, 65.-- Páginas fotográficas, 66.-- Reseña histórica (1), 71.-- Balance económico, 83.-- 45 Aniversario. Explicaciones, 85.-- Páginas fotográficas, 88.-- 48 Aniversario. Solicitud (1), 90.-- Asistentes, 92.-- Solicitud (2) y Comité organizador, 93.-- 49 Aniversario. Almuerzo de intercambio, 94.-- 50 Aniversario. Comité organizador, 95.-- Programa y guión, 95.-- Reseña histórica (2), 97.-- Páginas fotográficas, 117.-- Libros y contenidos, 123.10aUniversidad Autónoma de Santo DomingoxEstudiantes aMédicoszRepública Dominicana 0aEducación médicaxHistoria zRepública Dominicana1 aDomínguez Novas, Juan Francisco,ediagramador4di1 aYermenos Forastieri, Pablo, eeditor4ed.